Statistics for Decades by Picture - 1970s

Click here to take the quiz!

General Stats

  • This quiz has been taken 212 times
  • The average score is 10 of 15

Answer Stats

Answer% Correct
Richard Nixon
95%
Disco
93%
Margaret Thatcher
89%
Star Wars
87%
Jukebox
82%
Jimmy Carter
79%
Lava Lamp
77%
Queen
77%
Pong
64%
Concorde
61%
Floppy Disk
58%
{CN} Tower
57%
Watergate
27%
Apollo 17
25%
Magnavox Odyssey
4%

Score Distribution

Percentile by Number Answered

Percent of People with Each Score

Your Score History

You have not taken this quiz